A time series analysis of the nexus between telecommunications infrastructure and economic growth in India (Record no. 509632)

000 -LEADER
fixed length control field 00522nam a22001577a 4500
008 - FIXED-LENGTH DATA ELEMENTS--GENERAL INFORMATION
fixed length control field 190516b ||||| |||| 00| 0 eng d
100 ## - MAIN ENTRY--PERSONAL NAME
Personal name Saxena, Mohina
245 ## - TITLE STATEMENT
Title A time series analysis of the nexus between telecommunications infrastructure and economic growth in India
260 ## - PUBLICATION, DISTRIBUTION, ETC. (IMPRINT)
Date of publication, distribution, etc 2018
300 ## - PHYSICAL DESCRIPTION
Extent p.189-210.
650 ## - SUBJECT ADDED ENTRY--TOPICAL TERM
Topical term or geographic name as entry element Economic growth - India
9 (RLIN) 5715
700 ## - ADDED ENTRY--PERSONAL NAME
Personal name Bhattacharyya, Surajit
9 (RLIN) 5716
773 ## - HOST ITEM ENTRY
Main entry heading Indian Journal of Economics
906 ## - LOCAL DATA ELEMENT F, LDF (RLIN)
Subject DIP Telecommunications infrastructure
942 ## - ADDED ENTRY ELEMENTS (KOHA)
Item type Articles
Holdings
Withdrawn status Lost status Source of classification or shelving scheme Damaged status Not for loan Permanent location Current location Date acquired Serial Enumeration / chronology Barcode Date last seen Koha item type
          Indian Institute of Public Administration Indian Institute of Public Administration 2019-05-16 98(389), Oct, 017: p.189-210. AR119766 2019-05-16 Articles

Powered by Koha